[Event "MPJBiS 2020"]
[Site "?"]
[Date "2020.08.30"]
[Round "9.8"]
[White "Borowik, Wojciech"]
[Black "Karp, Kacper"]
[Result "1-0"]
[BlackElo "1292"]
[WhiteElo "1436"]
[LiveChessVersion "1.4.8"]

1. d4 {[%clk 0:03:02]} Nf6 {[%clk 0:03:02]} 2. c4 {[%clk 0:02:56]} e6
{[%clk 0:03:02]} 3. Nf3 {[%clk 0:02:54]} d5 {[%clk 0:03:02]} 4. Nc3
{[%clk 0:02:55]} Be7 {[%clk 0:03:02]} 5. Bg5 {[%clk 0:02:55]} O-O
{[%clk 0:03:00]} 6. e3 {[%clk 0:02:53]} h6 {[%clk 0:02:59]} 7. Bh4
{[%clk 0:02:54]} b6 {[%clk 0:03:00]} 8. cxd5 {[%clk 0:02:44]} Nxd5
{[%clk 0:02:59]} 9. Bxe7 {[%clk 0:02:44]} Qxe7 {[%clk 0:02:58]} 10. Nxd5
{[%clk 0:02:42]} exd5 {[%clk 0:02:59]} 11. Qb3 {[%clk 0:02:30]} Be6
{[%clk 0:02:44]} 12. Bd3 {[%clk 0:01:57]} c5 {[%clk 0:02:28]} 13. dxc5
{[%clk 0:01:58]} bxc5 {[%clk 0:02:29]} 14. Qc2 {[%clk 0:01:56]} Nc6
{[%clk 0:02:22]} 15. a3 {[%clk 0:01:53]} Rac8 {[%clk 0:02:13]} 16. O-O
{[%clk 0:01:51]} Rfd8 {[%clk 0:02:13]} 17. Qa4 {[%clk 0:01:31]} Qf6
{[%clk 0:01:52]} 18. b4 {[%clk 0:01:17]} cxb4 {[%clk 0:01:40]} 19. axb4
{[%clk 0:01:18]} Qc3 {[%clk 0:01:02]} 20. Bb5 {[%clk 0:01:05]} Bd7
{[%clk 0:00:24]} 21. Bxc6 {[%clk 0:00:35]} Bxc6 {[%clk 0:00:18]} 22. Qxa7
{[%clk 0:00:30]} Qxb4 {[%clk 0:00:17]} 23. Qd4 {[%clk 0:00:31]} Qd6 24. h3
{[%clk 0:00:25]} Bd7 {[%clk 0:00:06]} 25. Ra5 {[%clk 0:00:22]} Be6
{[%clk 0:00:06]} 26. Rfa1 {[%clk 0:00:17]} Rc4 {[%clk 0:00:06]} 27. Qd2
{[%clk 0:00:16]} Rdc8 {[%clk 0:00:07]} 28. Ra8 {[%clk 0:00:12]} Rxa8
{[%clk 0:00:05]} 29. Rxa8+ {[%clk 0:00:13]} Kh7 {[%clk 0:00:06]} 30. Qd3+
{[%clk 0:00:13]} Re4 {[%clk 0:00:06]} 31. Nd2 {[%clk 0:00:55]} Qc6
{[%clk 0:00:04]} 32. Nxe4 {[%clk 0:00:36]} dxe4 {[%clk 0:00:04]} 33. Qa3
{[%clk 0:00:35]} Qd5 {[%clk 0:00:03]} 34. Ra5 {[%clk 0:00:19]} Qd1+
{[%clk 0:00:04]} 35. Kh2 {[%clk 0:00:19]} Qd2 {[%clk 0:00:04]} 36. Kg3
{[%clk 0:00:17]} Qd7 {[%clk 0:00:03]} 37. f4 {[%clk 0:00:10]} exf3
{[%clk 0:00:04]} 38. gxf3 {[%clk 0:00:10]} Qc7+ {[%clk 0:00:05]} 39. f4
{[%clk 0:00:11]} Qd7 {[%clk 0:00:06]} 40. Qc3 {[%clk 0:00:08]} Qd6
{[%clk 0:00:05]} 41. Qc2+ {[%clk 0:00:07]} g6 {[%clk 0:00:06]} 42. Rc5
{[%clk 0:00:07]} Bf5 {[%clk 0:00:06]} 43. Rxf5 {[%clk 0:00:05]} gxf5
{[%clk 0:00:07]} 44. Qxf5+ {[%clk 0:00:06]} Kg8 {[%clk 0:00:08]} 45. Qc8+
{[%clk 0:00:06]} Kh7 {[%clk 0:00:08]} 46. Qc2+ {[%clk 0:00:07]} Kg8
{[%clk 0:00:09]} 47. Qe4 {[%clk 0:00:06]} Qd7 {[%clk 0:00:09]} 48. Qe5
{[%clk 0:00:04]} Qd1 {[%clk 0:00:09]} 49. Qe8+ {[%clk 0:00:04]} Kh7
{[%clk 0:00:08]} 50. Qe4+ {[%clk 0:00:05]} Kg8 {[%clk 0:00:08]} 51. Kh4
{[%clk 0:00:04]} Qe1+ {[%clk 0:00:08]} 52. Kg4 {[%clk 0:00:05]} Qg1+
{[%clk 0:00:09]} 53. Kh4 {[%clk 0:00:03]} Qf2+ {[%clk 0:00:08]} 54. Kh5
{[%clk 0:00:03]} Qe2+ {[%clk 0:00:05]} 55. Kh4 Qf2+ {[%clk 0:00:04]} 56. Kg4
{[%clk 0:00:04]} Qg1+ {[%clk 0:00:04]} 57. Kf5 {[%clk 0:00:05]} Qg6+
{[%clk 0:00:04]} 58. Ke5 {[%clk 0:00:07]} Qe6+ {[%clk 0:00:05]} 59. Kd4
{[%clk 0:00:08]} Qd7+ {[%clk 0:00:06]} 60. Kc3 {[%clk 0:00:07]} Qc7+
{[%clk 0:00:06]} 61. Kd2 {[%clk 0:00:07]} Qa5+ {[%clk 0:00:07]} 62. Ke2
{[%clk 0:00:08]} Qa2+ {[%clk 0:00:08]} 63. Kf3 {[%clk 0:00:08]} Qa6
{[%clk 0:00:08]} 64. Qe8+ {[%clk 0:00:06]} Kh7 {[%clk 0:00:07]} 65. Qe4+
{[%clk 0:00:07]} Kg8 {[%clk 0:00:07]} 66. Qc2 {[%clk 0:00:08]} Qa8+
{[%clk 0:00:07]} 67. e4 {[%clk 0:00:08]} Qa3+ {[%clk 0:00:08]} 68. Kg2
{[%clk 0:00:08]} Qd6 {[%clk 0:00:08]} 69. Qf2 {[%clk 0:00:06]} Qe6
{[%clk 0:00:08]} 70. Qe2 {[%clk 0:00:04]} Qd6 {[%clk 0:00:07]} 71. Kf3
{[%clk 0:00:04]} Qg6 {[%clk 0:00:07]} 72. Qg2 {[%clk 0:00:05]} Qxg2+
{[%clk 0:00:03]} 73. Kxg2 {[%clk 0:00:05]} Kg7 {[%clk 0:00:04]} 74. Kf3
{[%clk 0:00:06]} Kf6 {[%clk 0:00:04]} 75. Kg3 {[%clk 0:00:06]} Kg6
{[%clk 0:00:05]} 76. Kg4 {[%clk 0:00:07]} f6 {[%clk 0:00:06]} 77. f5+
{[%clk 0:00:08]} Kh7 {[%clk 0:00:06]} 78. Kf4 {[%clk 0:00:09]} Kg7
{[%clk 0:00:07]} 79. Ke3 {[%clk 0:00:09]} Kf7 {[%clk 0:00:07]} 80. Kd4
{[%clk 0:00:10]} Ke7 {[%clk 0:00:08]} 81. Kd5 {[%clk 0:00:10]} Kd7
{[%clk 0:00:09]} 82. Kd4 {[%clk 0:00:09]} Kd6 {[%clk 0:00:10]} 83. Kd3
{[%clk 0:00:10]} Ke7 {[%clk 0:00:11]} 84. Kc4 {[%clk 0:00:11]} Kd8
{[%clk 0:00:10]} 85. Kd5 {[%clk 0:00:10]} Kd7 {[%clk 0:00:12]} 86. e5
{[%clk 0:00:10]} fxe5 {[%clk 0:00:12]} 87. Kxe5 {[%clk 0:00:10]} Ke7
{[%clk 0:00:13]} 88. f6+ {[%clk 0:00:10]} Kf7 {[%clk 0:00:14]} 89. Kf5
{[%clk 0:00:11]} h5 {[%clk 0:00:13]} 90. h4 {[%clk 0:00:12]} Kg8 {[%clk 0:00:13]}
91. Kg6 {[%clk 0:00:12]} Kf8 {[%clk 0:00:14]} 92. f7 {[%clk 0:00:13]} Ke7
{[%clk 0:00:13]} 93. Kg7 1-0

[Event "MPJBiS 2020"]
[Site "?"]
[Date "2020.08.30"]
[Round "9.9"]
[White "Grot, Blazej"]
[Black "Blaszkiewicz, Jakub"]
[Result "1-0"]
[BlackElo "1341"]
[WhiteElo "1557"]
[LiveChessVersion "1.4.8"]

1. c4 {[%clk 0:03:03]} e5 {[%clk 0:03:03]} 2. g3 {[%clk 0:03:04]} Nf6
{[%clk 0:03:03]} 3. Bg2 {[%clk 0:03:05]} g6 {[%clk 0:03:04]} 4. Nc3
{[%clk 0:03:04]} Bg7 {[%clk 0:03:05]} 5. e3 {[%clk 0:03:05]} O-O {[%clk 0:03:06]}
6. Nge2 {[%clk 0:03:06]} Nc6 {[%clk 0:02:59]} 7. O-O {[%clk 0:03:06]} d6
{[%clk 0:03:00]} 8. d3 {[%clk 0:03:05]} Be6 {[%clk 0:02:57]} 9. a3
{[%clk 0:02:58]} a5 {[%clk 0:02:57]} 10. Rb1 {[%clk 0:02:57]} Nd7
{[%clk 0:02:53]} 11. b4 {[%clk 0:02:57]} axb4 {[%clk 0:02:53]} 12. axb4
{[%clk 0:02:56]} Rb8 {[%clk 0:02:51]} 13. b5 {[%clk 0:02:48]} Ne7
{[%clk 0:02:51]} 14. Bb2 {[%clk 0:02:43]} f5 {[%clk 0:02:48]} 15. Qc2
{[%clk 0:02:31]} Nf6 {[%clk 0:02:32]} 16. Ra1 {[%clk 0:02:18]} Qd7
{[%clk 0:02:17]} 17. Ra7 {[%clk 0:01:50]} b6 {[%clk 0:02:17]} 18. Raa1
{[%clk 0:01:41]} g5 {[%clk 0:02:03]} 19. f4 {[%clk 0:01:39]} g4 {[%clk 0:01:55]}
20. Rad1 {[%clk 0:01:24]} h5 {[%clk 0:01:40]} 21. Na2 {[%clk 0:01:16]} Qe8
{[%clk 0:01:29]} 22. fxe5 {[%clk 0:01:12]} dxe5 {[%clk 0:01:30]} 23. Bxe5
{[%clk 0:01:11]} Rc8 {[%clk 0:01:14]} 24. Nf4 {[%clk 0:01:11]} Bd7
{[%clk 0:01:05]} 25. Bd4 {[%clk 0:01:07]} Ng6 {[%clk 0:00:53]} 26. Nb4
{[%clk 0:01:01]} Nxf4 {[%clk 0:00:53]} 27. exf4 {[%clk 0:00:58]} h4
{[%clk 0:00:53]} 28. Rde1 {[%clk 0:00:57]} Qh5 {[%clk 0:00:53]} 29. Nd5
{[%clk 0:00:53]} hxg3 {[%clk 0:00:35]} 30. hxg3 {[%clk 0:00:52]} Kh7
{[%clk 0:00:35]} 31. Nxf6+ {[%clk 0:00:44]} Bxf6 {[%clk 0:00:36]} 32. Bxf6
{[%clk 0:00:45]} Rxf6 {[%clk 0:00:36]} 33. Kf2 {[%clk 0:00:45]} Kg7
{[%clk 0:00:28]} 34. Rh1 {[%clk 0:00:43]} Qf7 {[%clk 0:00:26]} 35. Bd5
{[%clk 0:00:42]} Be6 {[%clk 0:00:26]} 36. Bxe6 {[%clk 0:00:41]} Rxe6
{[%clk 0:00:26]} 37. Qc3+ {[%clk 0:00:42]} Kg6 {[%clk 0:00:22]} 38. Rxe6+
{[%clk 0:00:37]} Qxe6 {[%clk 0:00:24]} 39. Re1 {[%clk 0:00:38]} Qf7
{[%clk 0:00:25]} 40. d4 {[%clk 0:00:35]} Rd8 {[%clk 0:00:25]} 41. d5
{[%clk 0:00:35]} Qf8 {[%clk 0:00:25]} 42. Re6+ {[%clk 0:00:36]} Kh7
{[%clk 0:00:24]} 43. Qe5 {[%clk 0:00:35]} Qc5+ {[%clk 0:00:25]} 44. Kg2
{[%clk 0:00:33]} Rd7 {[%clk 0:00:20]} 45. Qxf5+ {[%clk 0:00:34]} Kg8
{[%clk 0:00:17]} 46. Re8+ {[%clk 0:00:32]} Kg7 {[%clk 0:00:16]} 47. Qxd7+
{[%clk 0:00:32]} Kg6 {[%clk 0:00:15]} 48. Qc6+ {[%clk 0:00:33]} Qxc6
{[%clk 0:00:15]} 49. dxc6 {[%clk 0:00:34]} Kf6 {[%clk 0:00:16]} 50. Rc8
{[%clk 0:00:35]} Ke6 {[%clk 0:00:17]} 51. Rxc7 {[%clk 0:00:36]} Kd6 52. Rh7
{[%clk 0:00:35]} Kc5 {[%clk 0:00:20]} 53. c7 {[%clk 0:00:36]} Kxc4
{[%clk 0:00:21]} 54. c8=Q+ {[%clk 0:00:37]} Kxb5 {[%clk 0:00:22]} 55. Rh5+
{[%clk 0:00:37]} Kb4 {[%clk 0:00:23]} 56. Qc6 {[%clk 0:00:37]} Kb3
{[%clk 0:00:22]} 57. Rb5+ {[%clk 0:00:38]} Ka4 {[%clk 0:00:23]} 58. Rxb6+
{[%clk 0:00:38]} Ka3 {[%clk 0:00:23]} 59. Qa8# {[%clk 0:00:39]} 1-0

[Event "MPJBiS 2020"]
[Site "?"]
[Date "2020.08.30"]
[Round "9.10"]
[White "Ratajczak, Hubert"]
[Black "Derejczyk, Mateusz"]
[Result "1/2-1/2"]
[BlackElo "1479"]
[WhiteElo "1335"]
[LiveChessVersion "1.4.8"]

1. e4 c5 2. d4 {[%clk 0:03:02]} cxd4 {[%clk 0:03:05]} 3. c3 {[%clk 0:03:03]} dxc3
{[%clk 0:03:06]} 4. Nxc3 {[%clk 0:03:04]} Nc6 {[%clk 0:03:07]} 5. Nf3
{[%clk 0:03:01]} e6 {[%clk 0:03:08]} 6. Bf4 {[%clk 0:03:01]} Bb4 {[%clk 0:03:08]}
7. Be2 {[%clk 0:02:53]} Nf6 {[%clk 0:03:09]} 8. Qc2 {[%clk 0:02:41]} d5
{[%clk 0:02:52]} 9. exd5 {[%clk 0:02:35]} Nxd5 {[%clk 0:02:51]} 10. Bd2
{[%clk 0:02:29]} Nxc3 {[%clk 0:02:42]} 11. Bxc3 {[%clk 0:02:29]} Bxc3+
{[%clk 0:02:42]} 12. Qxc3 {[%clk 0:02:30]} Qa5 {[%clk 0:02:35]} 13. Qxa5
{[%clk 0:02:17]} Nxa5 {[%clk 0:02:35]} 14. O-O {[%clk 0:02:16]} O-O
{[%clk 0:02:07]} 15. Rfd1 {[%clk 0:02:16]} Nc6 {[%clk 0:01:38]} 16. Bb5
{[%clk 0:01:54]} f6 {[%clk 0:01:24]} 17. Bxc6 {[%clk 0:01:20]} bxc6
{[%clk 0:01:24]} 18. Nd4 {[%clk 0:01:21]} c5 {[%clk 0:01:18]} 19. Nb3
{[%clk 0:01:11]} c4 {[%clk 0:01:14]} 20. Na5 {[%clk 0:01:06]} Ba6
{[%clk 0:01:07]} 21. Rd6 {[%clk 0:01:07]} Bb5 {[%clk 0:00:40]} 22. a4
{[%clk 0:01:07]} Be8 {[%clk 0:00:37]} 23. Nxc4 {[%clk 0:01:07]} Bf7
{[%clk 0:00:34]} 24. b4 {[%clk 0:01:01]} e5 {[%clk 0:00:31]} 25. Ne3
{[%clk 0:00:45]} a6 {[%clk 0:00:23]} 26. Nd5 {[%clk 0:00:31]} Bxd5
{[%clk 0:00:19]} 27. Rxd5 {[%clk 0:00:32]} Rfb8 {[%clk 0:00:19]} 28. Rb1
{[%clk 0:00:32]} Rb6 {[%clk 0:00:16]} 29. a5 {[%clk 0:00:32]} Rb7
{[%clk 0:00:15]} 30. Rd6 {[%clk 0:00:25]} Kf7 {[%clk 0:00:11]} 31. h4
{[%clk 0:00:20]} Ke7 {[%clk 0:00:12]} 32. Rd3 {[%clk 0:00:15]} Rab8
{[%clk 0:00:12]} 33. Rdb3 {[%clk 0:00:16]} Kd6 {[%clk 0:00:13]} 34. Rd1+
{[%clk 0:00:05]} Ke6 {[%clk 0:00:13]} 35. Rdb1 {[%clk 0:00:06]} Kd5
{[%clk 0:00:13]} 36. Rd3+ {[%clk 0:00:05]} Kc4 {[%clk 0:00:13]} 37. Rd6
{[%clk 0:00:06]} Rxb4 {[%clk 0:00:10]} 38. Rxb4+ {[%clk 0:00:07]} Rxb4
{[%clk 0:00:09]} 39. Rxa6 {[%clk 0:00:08]} Kb5 {[%clk 0:00:09]} 40. Ra7
{[%clk 0:00:09]} Rxh4 {[%clk 0:00:05]} 41. Rxg7 {[%clk 0:00:08]} Kxa5
{[%clk 0:00:06]} 42. Rf7 {[%clk 0:00:09]} Rh6 {[%clk 0:00:08]} 43. g4
{[%clk 0:00:09]} Kb5 {[%clk 0:00:09]} 44. Kg2 {[%clk 0:00:10]} Kc5
{[%clk 0:00:11]} 45. Kf3 {[%clk 0:00:12]} Kd5 {[%clk 0:00:12]} 46. Kg2
{[%clk 0:00:06]} Ke6 {[%clk 0:00:14]} 47. Ra7 {[%clk 0:00:08]} Kd5
{[%clk 0:00:12]} 48. Kg3 {[%clk 0:00:09]} Ke6 {[%clk 0:00:13]} 49. f3
{[%clk 0:00:10]} Rg6 {[%clk 0:00:13]} 50. Rxh7 {[%clk 0:00:09]} f5
{[%clk 0:00:14]} 51. Ra7 {[%clk 0:00:08]} fxg4 {[%clk 0:00:12]} 52. fxg4
{[%clk 0:00:08]} Kf6 {[%clk 0:00:13]} 53. Ra6+ {[%clk 0:00:09]} Kg5
{[%clk 0:00:14]} 54. Rxg6+ {[%clk 0:00:07]} 1/2-1/2

[Event "MPJBiS 2020"]
[Site "?"]
[Date "2020.08.30"]
[Round "9.11"]
[White "Grzebieniowski, Michal"]
[Black "Sawicki, Dorian"]
[Result "1/2-1/2"]
[BlackElo "1251"]
[WhiteElo "1472"]
[LiveChessVersion "1.4.8"]

1. d4 {[%clk 0:03:03]} Nf6 {[%clk 0:03:03]} 2. c4 {[%clk 0:03:05]} c5
{[%clk 0:03:05]} 3. d5 {[%clk 0:03:06]} b5 {[%clk 0:03:06]} 4. cxb5
{[%clk 0:03:07]} a6 {[%clk 0:03:08]} 5. bxa6 Bxa6 6. Nc3 {[%clk 0:03:07]} d6
{[%clk 0:03:10]} 7. Nf3 {[%clk 0:03:09]} g6 {[%clk 0:03:11]} 8. g3
{[%clk 0:03:10]} Bg7 {[%clk 0:03:12]} 9. Bg2 {[%clk 0:03:11]} O-O
{[%clk 0:03:13]} 10. O-O {[%clk 0:03:11]} Nbd7 {[%clk 0:03:12]} 11. Qc2
{[%clk 0:03:11]} Qa5 {[%clk 0:03:12]} 12. Re1 {[%clk 0:03:05]} Rfb8
{[%clk 0:03:11]} 13. Bd2 {[%clk 0:02:47]} Qc7 {[%clk 0:03:08]} 14. e4
{[%clk 0:02:43]} Ne8 {[%clk 0:03:01]} 15. Rab1 {[%clk 0:02:37]} Ne5
{[%clk 0:02:48]} 16. Nxe5 {[%clk 0:02:35]} Bxe5 17. a3 {[%clk 0:02:34]} Qd7
{[%clk 0:02:37]} 18. Kh1 {[%clk 0:02:30]} Nc7 {[%clk 0:02:31]} 19. f4
{[%clk 0:02:27]} Bg7 {[%clk 0:02:33]} 20. Nd1 {[%clk 0:02:01]} Nb5
{[%clk 0:02:31]} 21. Bc3 {[%clk 0:01:53]} Nd4 {[%clk 0:02:21]} 22. Qd2
{[%clk 0:01:37]} Qb5 {[%clk 0:02:09]} 23. Nf2 {[%clk 0:01:22]} Nb3
{[%clk 0:01:32]} 24. Qc2 {[%clk 0:01:18]} Nd4 {[%clk 0:01:19]} 25. Qd2
{[%clk 0:01:13]} Nb3 {[%clk 0:01:20]} 26. Qd1 {[%clk 0:01:12]} Nd4
{[%clk 0:01:18]} 27. e5 {[%clk 0:01:10]} Qb3 {[%clk 0:01:00]} 28. Qd2
{[%clk 0:00:51]} Nb5 {[%clk 0:00:51]} 29. Ne4 {[%clk 0:00:35]} Nxc3 30. Nxc3
{[%clk 0:00:35]} Rb7 {[%clk 0:00:21]} 31. Nd1 {[%clk 0:00:09]} Qd3
{[%clk 0:00:14]} 32. Qxd3 {[%clk 0:00:09]} Bxd3 {[%clk 0:00:15]} 33. Rc1
{[%clk 0:00:10]} Rab8 {[%clk 0:00:10]} 34. Rc3 {[%clk 0:00:11]} Ba6
{[%clk 0:00:11]} 35. Rce3 {[%clk 0:00:11]} Kf8 {[%clk 0:00:09]} 36. Bf3
{[%clk 0:00:11]} h5 {[%clk 0:00:10]} 37. Kg2 {[%clk 0:00:11]} Rb3
{[%clk 0:00:11]} 38. Rxb3 {[%clk 0:00:11]} Rxb3 {[%clk 0:00:12]} 39. Kf2
{[%clk 0:00:05]} Rb6 {[%clk 0:00:10]} 40. Kg2 {[%clk 0:00:06]} Rb3
{[%clk 0:00:12]} 41. Kf2 {[%clk 0:00:07]} Rb6 {[%clk 0:00:13]} 42. Kg2
{[%clk 0:00:08]} Bb5 43. e6 Ba4 44. exf7 Rxb2+ 1/2-1/2

[Event "MPJBiS 2020"]
[Site "?"]
[Date "2020.08.30"]
[Round "10.1"]
[White "Raczek, Krzysztof"]
[Black "Wierzbicki, Dawid"]
[Result "1-0"]
[BlackElo "1550"]
[WhiteElo "1720"]
[LiveChessVersion "1.4.8"]

1. d4 e6 2. c4 b6 3. Nc3 Bb7 4. Nf3 Bb4 5. Bd2 f5 6. Qc2 Nf6 7. e3 Bxc3 8. Bxc3
O-O 9. Bd3 d6 10. h3 Nbd7 11. d5 exd5 12. Bxf5 Re8 13. cxd5 Bxd5 14. O-O-O Be4
15. Qb3+ d5 16. Bxe4 Nxe4 17. Qxd5+ Kh8 18. Qxd7 Nxc3 19. Qxd8 Nxa2+ 20. Kb1
Raxd8 21. Kxa2 Rxd1 22. Rxd1 h6 23. Rd7 Rc8 24. Nd4 1-0

[Event "MPJBiS 2020"]
[Site "?"]
[Date "2020.08.30"]
[Round "10.2"]
[White "Warchol, Kamil"]
[Black "Musial, Igor"]
[Result "0-1"]
[BlackElo "1758"]
[WhiteElo "1690"]
[LiveChessVersion "1.4.8"]

1. e4 {[%clk 0:03:04]} c5 {[%clk 0:03:04]} 2. Nf3 {[%clk 0:03:05]} d6 3. d4 cxd4
{[%clk 0:03:06]} 4. Nxd4 {[%clk 0:03:08]} Nf6 {[%clk 0:03:07]} 5. Nc3
{[%clk 0:03:09]} Nc6 {[%clk 0:03:08]} 6. Bc4 {[%clk 0:03:10]} e6 {[%clk 0:03:04]}
7. Be3 {[%clk 0:03:09]} Be7 {[%clk 0:02:52]} 8. Qe2 {[%clk 0:03:11]} a6
{[%clk 0:02:53]} 9. Bb3 {[%clk 0:03:08]} Qc7 {[%clk 0:02:33]} 10. O-O-O
{[%clk 0:03:08]} b5 {[%clk 0:02:00]} 11. Nxc6 {[%clk 0:02:50]} Qxc6
{[%clk 0:01:53]} 12. Bd4 {[%clk 0:02:49]} O-O {[%clk 0:01:35]} 13. a3
{[%clk 0:02:18]} Bb7 {[%clk 0:01:25]} 14. f3 {[%clk 0:02:09]} Rac8
{[%clk 0:01:07]} 15. g4 {[%clk 0:02:07]} Nd7 {[%clk 0:00:36]} 16. h4
{[%clk 0:01:33]} Ne5 {[%clk 0:00:23]} 17. g5 {[%clk 0:01:12]} Nc4
{[%clk 0:00:06]} 18. Bxc4 {[%clk 0:01:12]} Qxc4 {[%clk 0:00:06]} 19. Qxc4
{[%clk 0:01:11]} Rxc4 {[%clk 0:00:07]} 20. Rhg1 {[%clk 0:01:02]} Rfc8
{[%clk 0:00:06]} 21. h5 {[%clk 0:00:59]} a5 {[%clk 0:00:04]} 22. Rg2
{[%clk 0:00:52]} b4 {[%clk 0:00:05]} 23. axb4 {[%clk 0:00:53]} axb4
{[%clk 0:00:07]} 24. Na4 {[%clk 0:00:44]} Ra8 25. Nb6 {[%clk 0:00:43]} Ra1+
{[%clk 0:00:08]} 26. Kd2 {[%clk 0:00:42]} Rxd4+ 27. Ke2 {[%clk 0:00:44]} Rdxd1
{[%clk 0:00:09]} 28. f4 {[%clk 0:00:38]} Re1+ {[%clk 0:00:10]} 29. Kf2
{[%clk 0:00:41]} d5 {[%clk 0:00:12]} 30. exd5 {[%clk 0:00:42]} Bc5+
{[%clk 0:00:13]} 31. Kg3 {[%clk 0:00:42]} Bxb6 {[%clk 0:00:14]} 32. Rd2
{[%clk 0:00:43]} Bxd5 {[%clk 0:00:13]} 33. c4 {[%clk 0:00:44]} Rg1+
{[%clk 0:00:13]} 34. Kh4 {[%clk 0:00:43]} Rh1+ {[%clk 0:00:11]} 35. Kg3
{[%clk 0:00:42]} Rag1+ {[%clk 0:00:12]} 36. Rg2 {[%clk 0:00:42]} Rxg2#
{[%clk 0:00:14]} 0-1

[Event "MPJBiS 2020"]
[Site "?"]
[Date "2020.08.30"]
[Round "10.3"]
[White "Dobosiewicz, Dawid"]
[Black "Bochniak, Franciszek"]
[Result "1-0"]
[BlackElo "1485"]
[WhiteElo "1469"]
[LiveChessVersion "1.4.8"]

1. e4 {[%clk 0:03:02]} c5 {[%clk 0:03:03]} 2. Nc3 {[%clk 0:03:03]} d6
{[%clk 0:03:02]} 3. f4 {[%clk 0:03:05]} Nc6 {[%clk 0:03:02]} 4. Nf3
{[%clk 0:03:05]} e6 {[%clk 0:03:01]} 5. Bb5 a6 6. Bxc6+ {[%clk 0:03:02]} bxc6
{[%clk 0:03:02]} 7. d3 {[%clk 0:03:03]} Nf6 {[%clk 0:03:01]} 8. O-O
{[%clk 0:03:02]} Be7 {[%clk 0:03:03]} 9. Qe1 {[%clk 0:03:03]} O-O
{[%clk 0:03:02]} 10. h3 {[%clk 0:03:03]} Rb8 {[%clk 0:03:00]} 11. g4
{[%clk 0:03:00]} Nd7 {[%clk 0:02:41]} 12. f5 {[%clk 0:02:47]} Nb6
{[%clk 0:02:05]} 13. Qg3 {[%clk 0:02:29]} Bb7 {[%clk 0:01:40]} 14. g5
{[%clk 0:02:25]} exf5 {[%clk 0:01:37]} 15. exf5 {[%clk 0:02:26]} Re8
{[%clk 0:01:13]} 16. f6 {[%clk 0:02:12]} Bf8 {[%clk 0:01:14]} 17. Ne4
{[%clk 0:02:13]} g6 {[%clk 0:00:57]} 18. Bf4 {[%clk 0:02:08]} Nc8
{[%clk 0:00:19]} 19. Nxc5 {[%clk 0:02:09]} Qb6 {[%clk 0:00:18]} 20. d4
{[%clk 0:02:02]} Ra8 {[%clk 0:00:11]} 21. Nd7 {[%clk 0:01:59]} Qc7
{[%clk 0:00:13]} 22. Nxf8 {[%clk 0:01:58]} Rxf8 {[%clk 0:00:14]} 23. Qh4
{[%clk 0:01:59]} Kh8 {[%clk 0:00:08]} 24. Qh6 {[%clk 0:01:51]} Rg8
{[%clk 0:00:09]} 25. Rae1 {[%clk 0:01:52]} Qd7 {[%clk 0:00:09]} 26. Re2
{[%clk 0:01:16]} Qd8 {[%clk 0:00:11]} 27. Rfe1 {[%clk 0:01:11]} Qf8
{[%clk 0:00:12]} 28. Qxf8 {[%clk 0:01:06]} Rxf8 {[%clk 0:00:14]} 29. Re8 Nb6 30.
Rxf8+ {[%clk 0:01:04]} Rxf8 {[%clk 0:00:17]} 31. Bxd6 {[%clk 0:01:04]} Rc8
{[%clk 0:00:17]} 32. Re7 {[%clk 0:01:01]} Nc4 {[%clk 0:00:17]} 33. Bc5
{[%clk 0:00:57]} Ba8 {[%clk 0:00:18]} 34. Rxf7 {[%clk 0:00:57]} Kg8
{[%clk 0:00:19]} 35. Rg7+ {[%clk 0:00:57]} Kh8 {[%clk 0:00:21]} 36. Ne5
{[%clk 0:00:53]} Nxe5 {[%clk 0:00:21]} 37. dxe5 {[%clk 0:00:53]} Re8
{[%clk 0:00:22]} 38. Rc7 {[%clk 0:00:43]} Rd8 {[%clk 0:00:19]} 39. e6
{[%clk 0:00:42]} Rd1+ {[%clk 0:00:18]} 40. Kf2 {[%clk 0:00:43]} Rd2+
{[%clk 0:00:18]} 41. Ke3 {[%clk 0:00:45]} 1-0

[Event "MPJBiS 2020"]
[Site "?"]
[Date "2020.08.30"]
[Round "10.4"]
[White "Borowik, Wojciech"]
[Black "Seemann, Jakub"]
[Result "0-1"]
[BlackElo "1811"]
[WhiteElo "1436"]
[LiveChessVersion "1.4.8"]

1. d4 {[%clk 0:03:03]} d5 {[%clk 0:03:03]} 2. c4 {[%clk 0:03:01]} c6
{[%clk 0:03:04]} 3. Nc3 {[%clk 0:02:58]} Nf6 {[%clk 0:03:05]} 4. Nf3
{[%clk 0:02:58]} e6 {[%clk 0:03:06]} 5. Bg5 {[%clk 0:02:50]} Nbd7
{[%clk 0:03:06]} 6. e3 {[%clk 0:02:50]} Bd6 {[%clk 0:03:07]} 7. Bd3
{[%clk 0:02:45]} O-O {[%clk 0:03:07]} 8. O-O {[%clk 0:02:45]} dxc4
{[%clk 0:03:05]} 9. Bxc4 {[%clk 0:02:44]} b5 {[%clk 0:03:05]} 10. Bd3
{[%clk 0:02:43]} Bb7 {[%clk 0:03:02]} 11. Ne4 {[%clk 0:02:31]} Be7
{[%clk 0:03:04]} 12. Qc2 {[%clk 0:02:29]} Nxe4 {[%clk 0:02:35]} 13. Bxe7
{[%clk 0:02:29]} Qxe7 {[%clk 0:02:36]} 14. Bxe4 {[%clk 0:02:29]} f5
{[%clk 0:02:20]} 15. Bd3 {[%clk 0:02:18]} a6 {[%clk 0:02:18]} 16. e4
{[%clk 0:02:05]} c5 {[%clk 0:02:12]} 17. Qe2 {[%clk 0:01:40]} cxd4
{[%clk 0:01:22]} 18. Nxd4 {[%clk 0:01:22]} Nc5 {[%clk 0:01:23]} 19. exf5
{[%clk 0:01:12]} Nxd3 {[%clk 0:00:57]} 20. Qxd3 {[%clk 0:01:12]} Qg5
{[%clk 0:00:48]} 21. Qg3 {[%clk 0:01:05]} Qxg3 {[%clk 0:00:35]} 22. fxg3
{[%clk 0:01:03]} exf5 {[%clk 0:00:33]} 23. Rxf5 {[%clk 0:01:00]} Rfd8
{[%clk 0:00:12]} 24. Ne6 {[%clk 0:00:52]} Rd2 {[%clk 0:00:06]} 25. Rf2
{[%clk 0:00:47]} Rd6 {[%clk 0:00:05]} 26. Nc5 {[%clk 0:00:44]} Bc6
{[%clk 0:00:06]} 27. Re1 {[%clk 0:00:40]} Rad8 {[%clk 0:00:05]} 28. Nxa6
{[%clk 0:00:33]} Ra8 {[%clk 0:00:04]} 29. Nb4 {[%clk 0:00:33]} Bb7
{[%clk 0:00:05]} 30. a3 {[%clk 0:00:35]} h6 {[%clk 0:00:05]} 31. Rf5
{[%clk 0:00:34]} Rd2 {[%clk 0:00:05]} 32. Rxb5 {[%clk 0:00:34]} Rxg2+
{[%clk 0:00:04]} 33. Kh1 {[%clk 0:00:31]} Re2+ {[%clk 0:00:04]} 34. Rxb7
{[%clk 0:00:30]} Rxe1+ {[%clk 0:00:05]} 35. Kg2 {[%clk 0:00:31]} Re2+
{[%clk 0:00:06]} 36. Kf3 {[%clk 0:00:31]} Rxb2 {[%clk 0:00:08]} 37. Rd7
{[%clk 0:00:17]} Rxa3+ {[%clk 0:00:08]} 38. Rd3 {[%clk 0:00:15]} Rxd3+
{[%clk 0:00:08]} 39. Nxd3 {[%clk 0:00:15]} Rxh2 {[%clk 0:00:09]} 40. Kf4
{[%clk 0:00:16]} Ra2 {[%clk 0:00:10]} 41. g4 {[%clk 0:00:16]} Ra4+
{[%clk 0:00:11]} 42. Kg3 {[%clk 0:00:16]} Kf7 {[%clk 0:00:12]} 43. Nf4
{[%clk 0:00:17]} Kf6 {[%clk 0:00:11]} 44. Kf3 {[%clk 0:00:17]} Ra3+
{[%clk 0:00:12]} 45. Ke4 {[%clk 0:00:17]} Ke5+ 0-1

[Event "MPJBiS 2020"]
[Site "?"]
[Date "2020.08.30"]
[Round "10.5"]
[White "Nawalaniec, Adam"]
[Black "Krawczyk, Flawian"]
[Result "1-0"]
[BlackElo "1639"]
[WhiteElo "1444"]
[LiveChessVersion "1.4.8"]

1. e4 c5 2. c3 d5 3. exd5 Qxd5 4. d4 Nc6 5. Nf3 Bf5 6. Be2 Nf6 7. c4 Qd7 8. d5
Nb4 9. Na3 Qd8 10. O-O e6 11. dxe6 Bxe6 12. Bg5 Be7 13. Qb3 O-O 14. Nc2 Nxc2 15.
Qxc2 h6 16. Rad1 Qb6 17. Bf4 Rfd8 18. Bd3 Rd7 19. Rd2 Rad8 20. Rfd1 Qa6 21. Ne5
Rd4 22. Be3 Bd6 23. Bxd4 cxd4 24. c5 Bxe5 25. Bxa6 Ra8 1-0